Segunda encuesta de desempleo en Costa Rica: informe preliminar, enero 1974 /

Guardado en:
書目詳細資料
主要作者: Pastrana Zúñiga, José Fco
其他作者: Gómez Alvarez, Víctor Ml
格式: Texto
出版: San José: UCR. IICE
標簽: 添加標簽
沒有標簽, 成為第一個標記此記錄!

MARC

LEADER 00000 a a2200000 04500
001 14656
003
040
090 |a 021500  
100 |a Pastrana Zúñiga, José Fco  
245 |a Segunda encuesta de desempleo en Costa Rica: informe preliminar, enero 1974 /  |c José Fco Pastrana Zúñiga 
260 |a San José:   |b UCR. IICE  
300 |a 6, 38 p.  
700 |a Gómez Alvarez, Víctor Ml  
999 |c 4070  |d 4070